[Event "25.Schlosspark-Open"]
[Site "Wiesbaden-Biebrich"]
[Date "2013.08.23"]
[Round "3.78"]
[White "Fröhlich-Dill, Astrid"]
[Black "Körbel, Ekkehard"]
[Result "1-0"]
[WhiteElo "1904"]
[BlackElo "1387"]
[PlyCount "83"]
[EventDate "2013.??.??"]
[WhiteTeam "SV 1920 Hofheim"]
[BlackTeam "SK 1950 Geisenheim"]

1. d4 f5 2. g3 Nf6 3. c4 e6 4. Bg2 d5 5. Bg5 c6 6. Nd2 Be7 7. b3 O-O 8. Ngf3 b6
9. O-O Nbd7 10. Qc2 Ne4 11. Nxe4 fxe4 12. Bxe7 Qxe7 13. Nd2 Bb7 14. e3 Qg5 15.
b4 Rf7 16. a4 a5 17. bxa5 bxa5 18. Nb3 Ba6 19. Nxa5 Raf8 20. Qc3 Nb6 21. Ra2
Nxc4 22. Re1 Nxa5 23. Qxa5 Bc4 24. Rb2 Qe7 25. Ra1 e5 26. Qc5 Qf6 27. a5 Ba6
28. Bf1 exd4 29. Qxd4 Qxd4 30. exd4 Bc8 31. a6 Ra7 32. Rb6 Rf6 33. Rc1 Kf7 34.
Rcxc6 Rxc6 35. Rxc6 Be6 36. Rb6 Bc8 37. Bb5 Rc7 38. Bc6 Ke7 39. Rb7 Kd6 40. a7
Bxb7 41. Bxb7 Rc1+ 42. Kg2 1-0

[Event "25.Schlosspark-Open"]
[Site "Wiesbaden-Biebrich"]
[Date "2013.08.23"]
[Round "3.79"]
[White "Schöneberger, Thomas"]
[Black "Gauer, Jakob"]
[Result "0-1"]
[WhiteElo "1382"]
[BlackElo "1898"]
[PlyCount "156"]
[EventDate "2013.??.??"]
[WhiteTeam "SC 1979 Hattersheim"]
[BlackTeam "SC Ostfildern 1952 e.V."]

1. e4 c5 2. c4 d6 3. Nc3 e6 4. g3 Nc6 5. Bg2 Nf6 6. Nge2 Be7 7. O-O O-O 8. d3
a6 9. Be3 Qc7 10. h3 Bd7 11. f4 Rab8 12. b3 b5 13. g4 b4 14. Nb1 g6 15. Nd2 e5
16. Ng3 exf4 17. Bxf4 Ne8 18. Bh6 Ng7 19. Nf3 Bf6 20. Rc1 Qd8 21. Qd2 Qe7 22.
Bf4 Ne6 23. g5 Bg7 24. Kh2 Nxf4 25. Qxf4 Ne5 26. Qe3 Rbe8 27. Nxe5 Bxe5 28. h4
Qe6 29. Rf3 Qg4 30. Rh1 f5 31. Bh3 Qxh4 32. Kg2 f4 33. Bxd7 Qxh1+ 34. Nxh1 fxe3
35. Bxe8 Rxe8 36. Ng3 Bd4 37. Ne2 Re5 38. Rg3 Kg7 39. Kf3 Re7 40. Rg4 a5 41.
Rf4 Re5 42. Rf6 Rxg5 43. Rxd6 Be5 44. Ra6 Rh5 45. Kxe3 Rh3+ 46. Kd2 Rh2 47.
Rxa5 Bc3+ 48. Ke3 Rh3+ 49. Kf4 Rxd3 50. e5 Bd2+ 51. Kg4 Re3 52. Ng1 h5+ 53. Kh4
Be1+ 54. Kg5 Rg3+ 55. Kf4 Rxg1 56. Rxc5 Rg4+ 57. Kf3 Kf7 58. Rc6 Ke7 59. Ra6
Bc3 60. e6 Rd4 61. Kg3 Rd6 62. Ra5 Kxe6 63. a4 bxa3 64. Rxa3 Rb6 65. Kf4 Bb2
66. Ra8 Rxb3 67. Ra6+ Kf7 68. Ra7+ Kg8 69. Ra6 Kg7 70. c5 Rc3 71. c6 Kh6 72.
Rb6 Bc1+ 73. Ke4 h4 74. Kd4 Rc2 75. Kd3 Rd2+ 76. Kc3 Rd8 77. c7 Rc8 78. Rc6 Bf4
0-1

[Event "25.Schlosspark-Open"]
[Site "Wiesbaden-Biebrich"]
[Date "2013.08.23"]
[Round "3.80"]
[White "Troeger, Beate"]
[Black "Bangert, Udo"]
[Result "1/2-1/2"]
[WhiteElo "1339"]
[BlackElo "1895"]
[PlyCount "142"]
[EventDate "2013.??.??"]
[WhiteTeam "Vorw.Orient Mainz"]
[BlackTeam "SG Stern Stuttgart"]

1. f4 Nf6 2. Nf3 d5 3. e3 g6 4. b3 Bg7 5. Bb2 O-O 6. Be2 c5 7. O-O a6 8. Ne5
Nbd7 9. Qe1 e6 10. d3 b5 11. Nd2 Bb7 12. Rf3 d4 13. e4 Nxe5 14. fxe5 Ng4 15.
Rh3 Nxe5 16. Qg3 f5 17. Rf1 Qf6 18. Bc1 f4 19. Qf2 g5 20. g4 Ng6 21. Nf3 e5 22.
Rh5 h6 23. c4 Bc8 24. Qg2 Nh8 25. a4 bxa4 26. bxa4 Bd7 27. Ba3 Rfc8 28. a5 Rab8
29. h4 Nf7 30. hxg5 hxg5 31. Qh3 Bh6 32. Bc1 Kg7 33. Kf2 Rh8 34. Rh1 Ba4 35.
Ba3 Qd6 36. Nd2 Qc7 37. Nf3 Rbe8 38. Rb1 Re6 39. Nd2 Qxa5 40. Nb3 Bxb3 41. Rxb3
Rb6 42. Rxb6 Qxb6 43. Qf1 Qa5 44. Qc1 Rb8 45. Bd1 Nd8 46. Bc2 Nc6 47. Kf3 Nb4
48. Bxb4 Rxb4 49. Qh1 Qb6 50. Qa1 Qc6 51. Qa5 Qb6 52. Qa3 Rb2 53. Qa4 Kf8 54.
Qd7 Rxc2 55. Qf5+ Ke8 56. Qxe5+ Kd7 57. Qf5+ Kd8 58. Qd5+ Kc7 59. Qf7+ Kb8 60.
Qe8+ Ka7 61. Qe7+ Ka8 62. Qe8+ Kb7 63. Qe7+ Qc7 64. Qe6 Rd2 65. Qd5+ Ka7 66.
Rxh6 Rxd3+ 67. Ke2 Re3+ 68. Kf2 Ra3 69. Rh8 Ra2+ 70. Kf3 Ra3+ 71. Kf2 Ra2+
1/2-1/2

[Event "25.Schlosspark-Open"]
[Site "Wiesbaden-Biebrich"]
[Date "2013.08.23"]
[Round "3.81"]
[White "Launert, Martin"]
[Black "Triantafillidis, Simeon"]
[Result "1-0"]
[WhiteElo "1882"]
[BlackElo "1371"]
[PlyCount "51"]
[EventDate "2013.??.??"]
[WhiteTeam "Sfr.Erbach"]
[BlackTeam "SF HN-Biberach 1978 e.V."]

1. e4 e5 2. Nf3 Nc6 3. Bb5 a6 4. Ba4 Nf6 5. O-O Bc5 6. d3 d6 7. Bg5 Bg4 8. c3
O-O 9. Nbd2 Qe7 10. b4 Bb6 11. Bb3 a5 12. b5 Na7 13. a4 c6 14. Nc4 Bc7 15. b6
d5 16. exd5 cxd5 17. Ne3 Bxb6 18. Nxg4 h6 19. Bxf6 gxf6 20. Nxh6+ Kh7 21. Nf5
Qd7 22. N3h4 Rh8 23. Qh5+ Kg8 24. Qg4+ Kf8 25. Qg7+ Ke8 26. Qxh8# 1-0

[Event "25.Schlosspark-Open"]
[Site "Wiesbaden-Biebrich"]
[Date "2013.08.23"]
[Round "3.82"]
[White "Koch, Thomas"]
[Black "Busch, Günther"]
[Result "1-0"]
[WhiteElo "1836"]
[BlackElo "1297"]
[PlyCount "77"]
[EventDate "2013.??.??"]
[WhiteTeam "SV 1934 Ffm-Griesheim"]
[BlackTeam "FC 1934 Wiesbaden-Bierstadt"]

1. e4 c5 2. Nf3 Nf6 3. e5 Nd5 4. Nc3 Nc7 5. d4 cxd4 6. Nxd4 e6 7. Ndb5 Nxb5 8.
Nxb5 Qb6 9. Be3 Qc6 10. Nxa7 Bb4+ 11. c3 Bxc3+ 12. bxc3 Qxc3+ 13. Ke2 Rxa7 14.
Bxa7 b6 15. f3 Ba6+ 16. Kf2 Qc5+ 17. Kg3 Qxe5+ 18. f4 Qc3+ 19. Qf3 Qxa1 20.
Bxb8 Qe1+ 21. Kh3 h6 22. Bxa6 Qxh1 23. Bd6 f6 24. Qa8+ Kf7 25. Qxh8 Qe1 26.
Qf8+ Kg6 27. Qe8+ Kh7 28. Qxd7 Qe4 29. Bf8 Qf5+ 30. g4 Qg6 31. Qxe6 h5 32. Bc4
hxg4+ 33. Qxg4 f5 34. Qxg6+ Kxg6 35. Bd6 Kh6 36. Bc7 g5 37. fxg5+ Kxg5 38. Kg3
f4+ 39. Bxf4+ 1-0

[Event "25.Schlosspark-Open"]
[Site "Wiesbaden-Biebrich"]
[Date "2013.08.23"]
[Round "3.83"]
[White "Gerlach, Manuel"]
[Black "Breitbach, Stephan"]
[Result "0-1"]
[WhiteElo "1260"]
[BlackElo "1741"]
[PlyCount "38"]
[EventDate "2013.??.??"]
[WhiteTeam "SV Oberursel"]
[BlackTeam "SC 1961 König Nied"]

1. d4 Nf6 2. c4 e6 3. Nc3 Bb4 4. Bf4 O-O 5. e3 d5 6. Nf3 Nbd7 7. Bd3 c5 8. O-O
b6 9. Qc2 cxd4 10. exd4 Bb7 11. Nb5 dxc4 12. Qxc4 Nd5 13. Bd6 Bxd6 14. Nxd6 Qb8
15. Nxb7 Qxb7 16. Qc2 N7f6 17. Ng5 g6 18. Qe2 Nf4 19. Qe3 Qxg2# 0-1

[Event "25.Schlosspark-Open"]
[Site "Wiesbaden-Biebrich"]
[Date "2013.08.23"]
[Round "3.84"]
[White "Michel, Carsten"]
[Black "Kirmeir, Andreas"]
[Result "0-1"]
[WhiteElo "1147"]
[BlackElo "1738"]
[PlyCount "82"]
[EventDate "2013.??.??"]
[WhiteTeam "SC Flörsheim 1921"]
[BlackTeam "SC Landskrone"]

1. d4 g6 2. e4 Bg7 3. Nf3 d6 4. Be2 e6 5. Nc3 Nd7 6. Be3 b6 7. d5 e5 8. Qd2 h6
9. O-O-O Ne7 10. Ne1 Bb7 11. Nd3 f5 12. f3 a6 13. h4 Nf6 14. Kb1 Qd7 15. a3 a5
16. g3 Ba6 17. Nf2 Bxe2 18. Qxe2 Nh5 19. Rhg1 f4 20. gxf4 exf4 21. Bd4 Bxd4 22.
Rxd4 Ng3 23. Qd2 O-O 24. Ne2 Nxe2 25. Qxe2 Kh7 26. Rh1 Rf7 27. Nh3 c5 28. Rdd1
b5 29. Qh2 b4 30. Ng5+ Kg7 31. Nxf7 Kxf7 32. Qxf4+ Kg7 33. Qe3 Rb8 34. f4 Re8
35. Rhg1 Nf5 36. Qd3 c4 37. Qd2 Rxe4 38. h5 c3 39. bxc3 bxa3 40. Rxg6+ Kh7 41.
c4 Qb7+ 0-1

[Event "25.Schlosspark-Open"]
[Site "Wiesbaden-Biebrich"]
[Date "2013.08.23"]
[Round "3.85"]
[White "Binfet, Daniel"]
[Black "Viol, Julius"]
[Result "1/2-1/2"]
[WhiteElo "1670"]
[BlackElo "1201"]
[PlyCount "99"]
[EventDate "2013.??.??"]
[WhiteTeam "TuS Makkabi Wiesbaden"]
[BlackTeam "FC 1934 Wiesbaden-Bierstadt"]

1. d4 d5 2. c4 Nc6 3. e3 Nf6 4. Nc3 Bf5 5. cxd5 Nxd5 6. Qb3 Ndb4 7. e4 Nxd4 8.
Qa4+ Bd7 9. Qd1 Ndc2+ 10. Ke2 Nxa1 11. a3 Nbc2 12. Bf4 Bg4+ 13. f3 Qxd1+ 14.
Kxd1 O-O-O+ 15. Kc1 Bd7 16. Bc4 f6 17. e5 fxe5 18. Bxe5 Ne3 19. Ba2 Nac2 20.
Nge2 Bf5 21. g4 Bd7 22. Ne4 Bc6 23. N2c3 Bxe4 24. Nxe4 h6 25. Nc5 Nd4 26. Re1
Ng2 27. Re4 b6 28. Bxd4 bxc5 29. Bxc5 Kb7 30. Rb4+ Ka8 31. Be6 Ne1 32. Kb1 Nd3
33. Rb5 Nxc5 34. Rxc5 Kb7 35. Rb5+ Kc6 36. Ra5 Rd6 37. Bf5 Kb6 38. b4 Rd2 39.
Be4 Rxh2 40. a4 c6 41. Rc5 Kc7 42. Rxc6+ Kd7 43. Ra6 e5 44. Rxa7+ Ke6 45. Ra8
g5 46. Rd8 Bg7 47. Bf5+ Ke7 48. Rd7+ Kf6 49. Rd6+ Ke7 50. Rd7+ 1/2-1/2

[Event "25.Schlosspark-Open"]
[Site "Wiesbaden-Biebrich"]
[Date "2013.08.23"]
[Round "3.86"]
[White "Hill, Michael"]
[Black "Gießelbach, Christian"]
[Result "1-0"]
[WhiteElo "1621"]
[BlackElo "1061"]
[PlyCount "83"]
[EventDate "2013.??.??"]
[WhiteTeam "Wiesbadener SV 1885"]
[BlackTeam "SAbt TuS Dotzheim"]

1. b3 d5 2. e4 c6 3. exd5 cxd5 4. Nf3 Bf5 5. Bb2 e6 6. d3 Bb4+ 7. Nbd2 Nf6 8.
Be2 O-O 9. O-O Nc6 10. a3 Bd6 11. Nh4 Ne7 12. Bxf6 gxf6 13. Bf3 Qb6 14. Bg4 Bg6
15. Bh5 Rac8 16. Ra2 Qd4 17. Nxg6 fxg6 18. Be2 Nf5 19. Nf3 Qb6 20. c4 dxc4 21.
dxc4 Rfd8 22. Qb1 Nd4 23. Nxd4 Qxd4 24. Rd1 Qb6 25. b4 Be5 26. Rad2 Rxd2 27.
Rxd2 a5 28. c5 Qc7 29. g3 Rd8 30. Rxd8+ Qxd8 31. Qe4 axb4 32. axb4 Qd5 33. Qg4
f5 34. Qh4 Bd4 35. Qe7 b6 36. Qe8+ Kg7 37. c6 Qe4 38. Qe7+ Kg8 39. c7 Bxf2+ 40.
Kxf2 Qd4+ 41. Kg2 Qe4+ 42. Kh3 1-0

[Event "25.Schlosspark-Open"]
[Site "Wiesbaden-Biebrich"]
[Date "2013.08.23"]
[Round "3.87"]
[White "Jakesevic, Ivan"]
[Black "Rößler, Lukas Namgyu"]
[Result "0-1"]
[WhiteElo "1007"]
[BlackElo "1604"]
[PlyCount "66"]
[EventDate "2013.??.??"]
[WhiteTeam "FC 1934 Wiesbaden-Bierstadt"]
[BlackTeam "SK Mannheim-Lindenhof 1865"]

1. e3 c5 2. d3 d5 3. b3 Nc6 4. a3 e6 5. Bb2 Nf6 6. g3 Be7 7. Bg2 O-O 8. Nd2 Qc7
9. Ne2 b6 10. O-O Bb7 11. Rc1 Rac8 12. Nf3 Rfd8 13. Rb1 e5 14. Nh4 d4 15. e4
Ne8 16. Nf5 Nd6 17. Nxe7+ Qxe7 18. Bh3 Rc7 19. Kg2 Bc8 20. Ng1 Bxh3+ 21. Nxh3
f5 22. f3 Rf8 23. Bc1 h6 24. Bd2 Rf6 25. Ng5 Rg6 26. Nh3 f4 27. g4 h5 28. Nf2
Qh4 29. Qe1 Rf7 30. Rh1 hxg4 31. Nxg4 Rxg4+ 32. fxg4 f3+ 33. Kf1 Qh3+ 0-1

[Event "25.Schlosspark-Open"]
[Site "Wiesbaden-Biebrich"]
[Date "2013.08.23"]
[Round "3.88"]
[White "Baumeister, Lutz"]
[Black "Viol, Lucius"]
[Result "1-0"]
[WhiteElo "1617"]
[BlackElo "957"]
[PlyCount "75"]
[EventDate "2013.??.??"]
[WhiteTeam "Wiesbadener SV 1885"]
[BlackTeam "FC 1934 Wiesbaden-Bierstadt"]

1. d4 Nf6 2. Nf3 c5 3. e3 Nc6 4. Bd3 cxd4 5. exd4 d6 6. O-O Bg4 7. c3 e5 8.
dxe5 Nxe5 9. Be2 Bxf3 10. Bxf3 Nxf3+ 11. Qxf3 Rb8 12. Be3 b6 13. Nd2 Be7 14.
Rad1 O-O 15. Ne4 Nxe4 16. Qxe4 Qc7 17. Bf4 Rfe8 18. Qd3 Red8 19. Qg3 f6 20. h4
Kf7 21. Qd3 h5 22. Qd5+ Kf8 23. Qxh5 Qc5 24. Qg6 Qc4 25. Bg3 Qxa2 26. h5 Qf7
27. Qf5 Ra8 28. Rd5 a5 29. Rfd1 Ra7 30. Bxd6 Bxd6 31. Rxd6 Rxd6 32. Rxd6 Qe7
33. Rxb6 Qe1+ 34. Kh2 Qe7 35. Rb8+ Kf7 36. Qd5+ Qe6 37. Rf8+ Ke7 38. Qd8# 1-0

[Event "25.Schlosspark-Open"]
[Site "Wiesbaden-Biebrich"]
[Date "2013.08.23"]
[Round "3.90"]
[White "Roth, Michael"]
[Black "Knödler, Marcel"]
[Result "1-0"]
[WhiteElo "1607"]
[BlackElo "929"]
[PlyCount "85"]
[EventDate "2013.??.??"]
[WhiteTeam "SC Lerchenberg/ZMO"]
[BlackTeam "FC 1934 Wiesbaden-Bierstadt"]

1. e4 b6 2. d4 Bb7 3. d5 Nf6 4. Nc3 d6 5. f4 Nbd7 6. Bb5 a6 7. Ba4 b5 8. Bb3 b4
9. Nce2 Nxe4 10. Qd4 Nef6 11. f5 Ne5 12. Nf4 Qd7 13. a3 bxa3 14. Rxa3 Qxf5 15.
Nge2 Qe4 16. Qc3 Qf5 17. O-O Qd7 18. Nd4 Rc8 19. Qb4 c6 20. Ba4 Ne4 21. Qb6 Nc5
22. dxc6 Bxc6 23. Bxc6 Nxc6 24. Nxc6 Qxc6 25. Qxc6+ Rxc6 26. Rc3 g6 27. b4 Bg7
28. Rc4 e5 29. Nd5 h6 30. Ba3 O-O 31. Ne7+ Kh7 32. Nxc6 Rc8 33. Ne7 Rc7 34.
Rxf7 Ne6 35. Rxc7 Nxc7 36. Nf5 Ne6 37. Nxd6 e4 38. Kf1 Ng5 39. Rb7 e3 40. Bb2
e2+ 41. Kxe2 h5 42. Rxg7+ Kh6 43. h4 1-0

[Event "25.Schlosspark-Open"]
[Site "Wiesbaden-Biebrich"]
[Date "2013.08.23"]
[Round "3.91"]
[White "Jahraus, Marlis"]
[Black "Künne, Lutz Dieter"]
[Result "0-1"]
[WhiteElo "799"]
[BlackElo "1542"]
[PlyCount "82"]
[EventDate "2013.??.??"]
[WhiteTeam "SC Untergrombach 46"]
[BlackTeam "Kings Club 98 Jena"]

1. e4 d5 2. exd5 Qxd5 3. Nc3 Qd6 4. Bc4 Be6 5. b3 a6 6. a4 Bxc4 7. bxc4 Qe6+ 8.
Qe2 Qxe2+ 9. Ngxe2 e6 10. O-O Nf6 11. Bb2 Nbd7 12. d4 c5 13. Rad1 cxd4 14. Nxd4
Rc8 15. Rfe1 g6 16. Nd5 Bg7 17. Nxe6 fxe6 18. Rxe6+ Kf8 19. Nxf6 Kf7 20. Rdd6
Nc5 21. Re3 Rhd8 22. Rf3 Rxd6 23. Ne4+ Kg8 24. Nxd6 Rd8 25. Bxg7 Rxd6 26. Kf1
Kxg7 27. Ke2 Nxa4 28. Rd3 Re6+ 29. Kd2 Nc5 30. Kc3 Nxd3 31. cxd3 Re2 32. c5
Rxf2 33. Kc4 Rf6 34. Kd5 Kf7 35. d4 Ke7 36. Ke5 Rc6 37. g4 a5 38. Kd5 a4 39.
Kc4 a3 40. Kb3 Ra6 41. Ka2 Ke6 0-1

[Event "25.Schlosspark-Open"]
[Site "Wiesbaden-Biebrich"]
[Date "2013.08.23"]
[Round "3.92"]
[White "Künitz, Klaus"]
[Black "Klein, Simon"]
[Result "1-0"]
[WhiteElo "1535"]
[BlackElo "919"]
[PlyCount "56"]
[EventDate "2013.??.??"]
[WhiteTeam "TSV Schott Mainz"]
[BlackTeam "Sfr. Frankfurt 1921"]

1. d4 Nf6 2. c4 d5 3. Nf3 Nc6 4. Nc3 Bf5 5. cxd5 Nxd5 6. Qb3 Nxc3 7. bxc3 Na5
8. Qb5+ c6 9. Qxf5 e6 10. Qg4 f5 11. Qg3 Bd6 12. Bf4 Nc4 13. e3 Bxf4 14. Qxf4
Qd5 15. Be2 O-O-O 16. O-O h6 17. Bxc4 Qxc4 18. Ne5 Qxc3 19. Nf7 g5 20. Qe5 Rhe8
21. Nxd8 Kxd8 22. Qb8+ Ke7 23. Qxb7+ Kf8 24. Qh7 Re7 25. Qxh6+ Rg7 26. Rab1 e5
27. Rb8+ Kf7 28. Rb7+ Kf8 1-0